Usilujú sa o osobnejší prístup k zákazníkom
Hospodárske výsledky spoločnosti dm drogerie markt za uplynulý obchodný rok potvrdili mimoriadne pozitívny trend, pokiaľ ide o nakupovanie drogériového tovaru.
Salvato in:
| Natura: | Capitolo di libro |
|---|---|
| Lingua: | slovacco |
| Soggetti: | |
| Tags: |
Nessun Tag, puoi essere il primo ad aggiungerne!!
|
MARC
| LEADER | 00000naa a2200000 4500 | ||
|---|---|---|---|
| 001 | 0123402 | ||
| 005 | 20231128094835.8 | ||
| 041 | 0 | |a slo | |
| 044 | |a SK | ||
| 245 | 1 | 0 | |a Usilujú sa o osobnejší prístup k zákazníkom |
| 520 | |a Hospodárske výsledky spoločnosti dm drogerie markt za uplynulý obchodný rok potvrdili mimoriadne pozitívny trend, pokiaľ ide o nakupovanie drogériového tovaru. | ||
| 610 | 2 | 0 | |a tovar drogeristický |
| 610 | 2 | 0 | |a obrat maloobchodný |
| 610 | 2 | 0 | |a obrat tovaru |